01055cam a22003854i 4500003000900000005001700009008004100026020001500067035002700082040003300109082001900142100002800161245006900189264007300258300003800331336002100369337002500390338002300415505005900438526001000497526001000507526000900517526000900526526000900535526000900544526000900553526000900562526000900571526000800580526000800588526000800596526000800604526000800612650004900620PE-LiUPU20250731165620.0150616s r 000 0 d a0802821014 a(Sirsi) i9780802821010 aPE-LiUPUbspacPE-LiUPUerda04a281.4bS312211 aSchaff, Philip,eautor.10aNicene and Post-Nicene Fathers of The Christian Church.n11.n2. 1aGrand Rapids, Michigan :bWM. B. Eerdmans Publishing Company,c1978. a641 páginas ;c25 centímetros atext2rdacontent aunmediated2rdamedia avolume2rdacarrier0 aSulpitius severus.- Vicent of lérins.- John Cassian. aSEG44 aSEG26 aP151 aP150 aP149 aP146 aP145 aP126 aP125 aP92 aP75 aP74 aP27 aP1504aSULPICIO SEVERO, 363-420 - HISTORIA SAGRADA.